| 000 | 00970nas a2200325 4500 | ||
|---|---|---|---|
| 001 | BR2012009471 | ||
| 003 | BR-BrBNA | ||
| 005 | 20231205121622.0 | ||
| 007 | ta | ||
| 008 | 230509b bl.|||p| |||| 00| 00por d | ||
| 040 |
_aBR-BrBNA _bpor _cBiblioteca Nacional de Agricultura |
||
| 041 | _a(Pt) | ||
| 072 | _aL74 | ||
| 100 | 1 | _aSilveira, J.A.S. | |
| 100 | 1 | _aAlbernaz, T.T. | |
| 100 | 1 | _aOliveira, C.M.C. | |
| 100 | 1 | _aDuarte, M.D. | |
| 100 | 1 | _aBarbosa, J.D. | |
| 245 | 1 | _aAfecções podais em vacas da bacia leiteira de Rodon do Pará | |
| 246 | 1 | _aFoot disorders in cows from basin milk of Rodon do Pará | |
| 650 | _aBACIA LEITEIRA | ||
| 650 | _aVACA LEITEIRA | ||
| 650 | _aPÉ | ||
| 650 | _aLESÃO | ||
| 650 | _aDISTÚRBIO ANIMAL | ||
| 650 | _aPARÁ | ||
| 773 | 0 |
_tPesquisa Veterinária Brasileira (Brazil) _xISSN 0100-736X _g(Nov 2009), v. 29(11) p. 905-909 _wBR2012009471 |
|
| 909 |
_a202311 _bLúcia _c55 _dLúcia Elande |
||
| 942 |
_2AGRIS _n0 _cANA |
||
| 999 |
_c224414 _d224414 |
||